ابن المقفع / (Record no. 14064)
[ view plain ]
| 000 -الفاتح | |
|---|---|
| حقل البيانات ثابتة الطول | 00909nam a2200241 i 4500 |
| 003 - محدد رقم الضبط | |
| رقم الضبط | EG-ScBUE |
| 005 - وقت وتاريخ اخر تعامل مع التسجيلة | |
| رقم الضبط | 20231105121822.0 |
| 008 - عناصر البيانات ثابتة الطول - معلومات عامة | |
| حقل البيانات ثابتة الطول | 100607s1938 ua f 000 0 ara d |
| 040 ## - مصدر الفهرسة | |
| وكالة الفهرسة الأصلية | EG-ScBUE |
| لغة الفهرسة | ara |
| قواعد الوصف | rda |
| وكالة النسخ | EG-ScBUE |
| وكالة التعديل | EG-ScBUE |
| 082 04 - رقم تصنيف ديوى العشرى | |
| رقم الطبعة | 22 |
| رقم التصنيف | 891.558109 |
| رقم المادة | ح م ز |
| 100 1# - المدخل الرئيسى - إسم شخصى | |
| 9 (RLIN) | 14592 |
| الإسم الشخصى | حمزة، عبد اللطيف، |
| الدور | مؤلف. |
| 245 10 - بيان العنوان | |
| العنوان | ابن المقفع / |
| بيان المسئوليه,etc | عبد اللطيف حمزة. |
| 264 #1 - النشر، التوزيع | |
| مكان الناشر او الموزع | [القاهرة] : |
| اسم الناشر او الموزع | دار النشر الحديث، |
| تاريخ النشر أو التوزيع | [1938]. |
| 300 ## - الوصف المادى | |
| التعداد | 358 صفحة ؛ |
| أبعاد الوعاء | 19 سم |
| 336 ## - نوع المحتوى | |
| source | rdacontent |
| Carrier Type Term | نص |
| Content Type Code | txt |
| 337 ## - نوع الوسيط | |
| source | rdamedia |
| Media Type Term | بدون وسيط |
| Media Type Code | n |
| 338 ## - نوع الحامل أو الناقل | |
| source | rdacarrier |
| Carrier Type Term | مجلد |
| Carrier Type Code | nc |
| 541 ## - تبصرة المصدر المباشر للتزويد | |
| طريقة التزويد | Donation ; |
| مصدر التزويد | Alaa Abdel Ghaney. |
| 600 17 - المدخل الاضافى بالموضوع-اسم شخصى | |
| مصدر الرأس أو المصطلح | BUEsh |
| الإسم الشخصى | ابن المقفع، ابو محمد عبد الله، |
| التواريخ المصاحبة للاسم | 106-142 هـ. |
| 650 #7 - المدخل الاضافى بالموضوع-مصطلح موضوعى | |
| 9 (RLIN) | 14613 |
| مصطلح موضوعي أو اسم جغرافي كعنصر مدخل | الأدباء الفرس |
| التقسيم الفرعي الشكلي | تراجم. |
| مصدر الرأس أو المصطلح | BUEsh |
| 655 ## - مصطلح تكشيفى-نوع/شكل | |
| التقسيم الفرعي الشكلي | Reading book |
| 942 ## - عناصر المدخل الإضافي( كوها) | |
| مصدر التصنيف او مخطط الترفيف | Dewey Decimal Classification |
| Koha [default] item type | Book - Borrowing |
| حالة التراجع | حالة الفقد | مصدر التصنيف او خطة الترفيف | حالة تلف | ليس للاعارة | مجموعات كوها | المكان الدائم | المكان الحالي | موقع الترفيف | تاريخ الاكتساب | Source of acquisition | رقم الاستدعاء | الباركود | Date last seen | نوع الوعاء |
|---|---|---|---|---|---|---|---|---|---|---|---|---|---|---|
| Dewey Decimal Classification | Donation-Gift | Central Library | Central Library | Second Floor | 07/06/2010 | Donation | 891.558109 ح م ز | 000020787 | 15/07/2025 | Book - Borrowing |